<?xml version="1.0" encoding="UTF-8"?>
<record
    xmlns:xsi="http://www.w3.org/2001/XMLSchema-instance"
    xsi:schemaLocation="http://www.loc.gov/MARC21/slim http://www.loc.gov/standards/marcxml/schema/MARC21slim.xsd"
    xmlns="http://www.loc.gov/MARC21/slim">

  <leader>00863nam a2200241 a 4500</leader>
  <controlfield tag="001">48969</controlfield>
  <controlfield tag="003">BD-RjUL</controlfield>
  <controlfield tag="005">20211209054621.0</controlfield>
  <controlfield tag="008">160817s1971    ru a|||| |||| 00| 0 ben d</controlfield>
  <datafield tag="020" ind1=" " ind2=" ">
    <subfield code="c">: TK 3.00</subfield>
  </datafield>
  <datafield tag="035" ind1=" " ind2=" ">
    <subfield code="a">(BD-RjUL)49088</subfield>
  </datafield>
  <datafield tag="040" ind1=" " ind2=" ">
    <subfield code="a">BD-RjUL</subfield>
    <subfield code="b">ben</subfield>
    <subfield code="c">BD-RjUL</subfield>
  </datafield>
  <datafield tag="041" ind1=" " ind2=" ">
    <subfield code="a">ben</subfield>
  </datafield>
  <datafield tag="082" ind1=" " ind2=" ">
    <subfield code="2">23</subfield>
    <subfield code="a">891.72</subfield>
    <subfield code="b">CHS  1971</subfield>
  </datafield>
  <datafield tag="100" ind1="1" ind2=" ">
    <subfield code="a">&#x9B6;&#x9C7;&#x996;&#x9AD;, &#x985;&#x9BE;&#x9A8;&#x9CD;&#x9A4;&#x9A8;</subfield>
    <subfield code="9">147330</subfield>
  </datafield>
  <datafield tag="245" ind1="1" ind2="0">
    <subfield code="a">&#x9B6;&#x999;&#x9CD;&#x996;&#x99A;&#x9C0;&#x9B2; /</subfield>
    <subfield code="c">&#x9B6;&#x9BE;&#x9B9;&#x9BE;&#x9AC;&#x9C1;&#x9A6;&#x9CD;&#x9A6;&#x9C0;&#x9A8; &#x986;&#x9B9;&#x9AE;&#x9A6; &#x985;&#x9A8;&#x9C1;&#x9AC;&#x9BE;&#x9A6;&#x995; </subfield>
  </datafield>
  <datafield tag="260" ind1=" " ind2=" ">
    <subfield code="a">&#x9A2;&#x9BE;&#x995;&#x9BE; : </subfield>
    <subfield code="b">&#x9AC;&#x9BE;&#x982;&#x9B2;&#x9BE; &#x98F;&#x995;&#x9BE;&#x9A1;&#x9C7;&#x9AE;&#x9C0;, </subfield>
    <subfield code="c">&#x9E7;&#x9EF;&#x9ED;&#x9E7;</subfield>
  </datafield>
  <datafield tag="300" ind1=" " ind2=" ">
    <subfield code="a">&#x9E7;&#x9E7;&#x9ED; &#x9AA;&#x9C3;. ;  </subfield>
    <subfield code="c">&#x9E8;&#x9E7; &#x9B8;&#x9C7;&#x9AE;&#x9BF;.</subfield>
  </datafield>
  <datafield tag="650" ind1=" " ind2=" ">
    <subfield code="a">&#x9B0;&#x9BE;&#x9B6;&#x9BF;&#x9AF;&#x9BC;&#x9BE;&#x9A8; &#x9A8;&#x9BE;&#x99F;&#x995;</subfield>
    <subfield code="9">147320</subfield>
  </datafield>
  <datafield tag="650" ind1=" " ind2=" ">
    <subfield code="a">Russian Drama</subfield>
    <subfield code="9">147321</subfield>
  </datafield>
  <datafield tag="700" ind1=" " ind2=" ">
    <subfield code="a">&#x986;&#x9B9;&#x9AE;&#x9A6;, &#x9B6;&#x9BE;&#x9B9;&#x9BE;&#x9AC;&#x9C1;&#x9A6;&#x9CD;&#x9A6;&#x9C0;&#x9A8;, &#x985;&#x9A8;&#x9C1;&#x9AC;&#x9BE;&#x9A6;&#x995; </subfield>
    <subfield code="9">147346</subfield>
  </datafield>
  <datafield tag="942" ind1=" " ind2=" ">
    <subfield code="2">ddc</subfield>
    <subfield code="c">BK</subfield>
  </datafield>
  <datafield tag="999" ind1=" " ind2=" ">
    <subfield code="c">48969</subfield>
    <subfield code="d">48969</subfield>
  </datafield>
  <datafield tag="952" ind1=" " ind2=" ">
    <subfield code="0">0</subfield>
    <subfield code="1">0</subfield>
    <subfield code="2">ddc</subfield>
    <subfield code="4">0</subfield>
    <subfield code="7">0</subfield>
    <subfield code="8">NFIC</subfield>
    <subfield code="a">RUCL</subfield>
    <subfield code="b">RUCL</subfield>
    <subfield code="c">Stack</subfield>
    <subfield code="d">1974-01-09</subfield>
    <subfield code="e">Bangla Academy, Dhaka</subfield>
    <subfield code="g">3.00</subfield>
    <subfield code="l">0</subfield>
    <subfield code="o">B 891.72 CHS  1971</subfield>
    <subfield code="r">2016-08-17 00:00:00</subfield>
    <subfield code="t">C-2</subfield>
    <subfield code="w">2016-08-17</subfield>
    <subfield code="y">BK</subfield>
  </datafield>
</record>
